000 00403nam a22001217a 4500
999 _c9399
_d9399
003 OSt
008 201203b ||||| |||| 00| 0 eng d
245 _aAsian Textile Journal
250 _a2015( Jun Vol.24 No.6, Jul Vol.24 No.7, Aug Vol.24 No.8, Sep Vol.24 No.9, Oct Vol.24 No.10, Dec Vol.24 No.12 )
260 _aMumbai
_bSB Dyesprings [INDIA] Pvt. Ltd.
650 _aTextile Engineering
942 _2ddc
_cBV